Central Library OPAC University of Rajshahi

Inorganic reaction mechanisms : (Record no. 74510)

MARC details
000 -LEADER
fixed length control field 00804nam a2200253 a 4500
001 - CONTROL NUMBER
control field 74510
003 - CONTROL NUMBER IDENTIFIER
rucl marc code BD-RjUL
005 - DATE AND TIME OF LATEST TRANSACTION
control field 20211209082549.0
008 - FIXED-LENGTH DATA ELEMENTS--GENERAL INFORMATION
fixed length control field 181010s1964 nyua b 000 0 eng
035 ## - SYSTEM CONTROL NUMBER
System control number (BD-RjUL)74728
040 ## - CATALOGING SOURCE
Original cataloging agency DLC
Transcribing agency DLC
Modifying agency DLC
-- BD-RjUL
Language of cataloging eng
041 ## - LANGUAGE CODE
Language code of text/sound track or separate title eng
082 00 - DEWEY DECIMAL CLASSIFICATION NUMBER
Edition number 23
Classification number 541.39
Author mark and year EDI 1965
100 1# - MAIN ENTRY--PERSONAL NAME
Personal name Edwards, John O.
9 (RLIN) 223548
245 10 - TITLE STATEMENT
Title Inorganic reaction mechanisms :
Remainder of title an introduction /
Statement of responsibility, etc. John O. Edwards.
260 ## - PUBLICATION, DISTRIBUTION, ETC. (IMPRINT)
Place of publication, distribution, etc. New York,
Name of publisher, distributor, etc. W. A. Benjamin,
Date of publication, distribution, etc. c1964, [printing 1965].
300 ## - PHYSICAL DESCRIPTION
Pagination xii, 190 p.:
Illustrations ill.;
Size 24 cm.
490 0# - SERIES STATEMENT
Series statement The Physical inorganic chemistry series
504 ## - BIBLIOGRAPHY, ETC. NOTE
Bibliography, etc Includes bibliographical references.
650 #0 - SUBJECT ADDED ENTRY--TOPICAL TERM
Topical term or geographic name as entry element Reaction mechanisms (Chemistry)
9 (RLIN) 223549
Topical term or geographic name as entry element Chemical reactions
9 (RLIN) 223550
942 ## - ADDED ENTRY ELEMENTS (KOHA)
Source of classification or shelving scheme Dewey Decimal Classification
Koha item type Books
Holdings
Lost status Source of classification or shelving scheme Damaged status Not for loan Collection code Permanent Location Current Location Shelving location Date acquired Source of acquisition Cost, normal purchase price Total Checkouts Full call number Date last seen Copy number Koha item type
  Dewey Decimal Classification   Not For Loan Non-fiction Central Library, University of Rajshahi Central Library, University of Rajshahi Reading Room 13/05/1966 Mirza book agency 21.75   541.39 EDI 1965 10/10/2018 C-1 Books